[Event "Clusane op 1st"]
[Site "Clusane"]
[Date "2024.02.29"]
[Round "1"]
[White "Vezzosi, Paolo"]
[Black "Braghetta, Sergio"]
[Result "0-1"]
[WhiteElo "2095"]
[BlackElo "2259"]
[PlyCount "60"]
[EventDate "2024.02.29"]
[EventType "swiss"]
[EventRounds "7"]
[EventCountry "ITA"]
[SourceTitle "CB11_2024"]
[SourceDate "2024.03.13"]
[SourceVersion "1"]
[SourceVersionDate "2024.03.13"]
[SourceQuality "1"]

1. d4 Nf6 2. Nf3 d5 3. Bf4 c5 4. e3 Nc6 5. c3 Qb6 6. Qb3 c4 7. Qc2 Bf5 8. Qc1 h6 9. Nbd2 e6 10. Be2 Be7 11. 0-0 0-0 12. b3 cxb3 13. axb3 Rfc8 14. Qb2 a5 15. Rfc1 Qd8 16. Ne1 Bd6 17. Bxd6 Qxd6 18. f4 Ne7 19. c4 b6 20. Qa3 Qxa3 21. Rxa3 Nc6 22. Ndf3 Nb4 23. Ne5 Rc7 24. g4 Be4 25. Kf2 Rac8 26. Rca1 Bh7 27. h4 Ne4+ 28. Kg2 Nc3 29. Bf1 Nb1 30. Ra4 Nd2 0-1

[Event "Piacenza op 1st"]
[Site "Piacenza"]
[Date "2005.11.05"]
[Round "2"]
[White "Braghetta, Sergio"]
[Black "Panizzi, Giuseppe"]
[Result "1-0"]
[WhiteElo "2277"]
[BlackElo "2145"]
[PlyCount "99"]
[EventDate "2005.11.04"]
[EventType "swiss"]
[EventRounds "5"]
[EventCountry "ITA"]
[SourceTitle "CBM 109 Extra"]
[Source "ChessBase"]
[SourceDate "2006.01.03"]
[SourceVersion "2"]
[SourceVersionDate "2006.01.03"]
[SourceQuality "1"]

1. e4 c5 2. Nf3 Nc6 3. d4 cxd4 4. Nxd4 Nf6 5. Nc3 e6 6. Ndb5 d6 7. Bf4 e5 8. Bg5 a6 9. Na3 b5 10. Nd5 Be7 11. Bxf6 Bxf6 12. c3 0-0 13. Nc2 Bg5 14. a4 bxa4 15. Rxa4 Bb7 16. Bc4 a5 17. 0-0 Ne7 18. Qd3 Bc6 19. Ra2 Nxd5 20. Bxd5 Qc7 21. Rfa1 Rab8 22. Qc4 Rfc8 23. Bxc6 Qxc6 24. Qxc6 Rxc6 25. Rxa5 g6 26. Nb4 Rc4 27. f3 f5 28. exf5 gxf5 29. Kf2 Bd8 30. Ra8 Rcc8 31. Rxb8 Rxb8 32. Ke2 d5 33. Kd3 Bg5 34. Kc2 Rb5 35. Nc6 Bf6 36. Ra7 f4 37. Ne7+ Kf8 38. Nf5 Rc5 39. b4 Rc6 40. b5 Rb6 41. Ra6 Bd8 42. Nd6 Bc7 43. Rxb6 Bxb6 44. c4 Bc5 45. Nb7 Bd4 46. cxd5 Ke7 47. Kd3 Kd7 48. Kc4 Kc7 49. Nc5 Kd6 50. Ne4+ 1-0

[Event "Budapest FS08 IM-C"]
[Site "Budapest"]
[Date "2005.08.16"]
[Round "11"]
[White "Pedersen, Daniel Vesterbaek"]
[Black "Braghetta, Sergio"]
[Result "1-0"]
[WhiteElo "2296"]
[BlackElo "2264"]
[PlyCount "35"]
[EventDate "2005.08.06"]
[EventType "tourn"]
[EventRounds "11"]
[EventCountry "HUN"]
[EventCategory "2"]
[SourceTitle "CBM 107 Extra"]
[Source "ChessBase"]
[SourceDate "2005.09.01"]
[SourceVersion "1"]
[SourceVersionDate "2005.09.01"]
[SourceQuality "1"]

1. e4 c5 2. c3 Nf6 3. e5 Nd5 4. d4 cxd4 5. Nf3 b6 6. cxd4 e6 7. Bd3 Ba6 8. 0-0 Be7 9. Nc3 Nxc3 10. bxc3 Bxd3 11. Qxd3 d5 12. exd6 Qxd6 13. Ba3 Qc7 14. Bxe7 Kxe7 15. d5 exd5 16. Qxd5 Rd8 17. Qe4+ Kf8 18. Qxh7 1-0

[Event "Budapest FS08 IM-C"]
[Site "Budapest"]
[Date "2005.08.14"]
[Round "9"]
[White "Kaposztas, Miklos"]
[Black "Braghetta, Sergio"]
[Result "1/2-1/2"]
[WhiteElo "2260"]
[BlackElo "2264"]
[PlyCount "38"]
[EventDate "2005.08.06"]
[EventType "tourn"]
[EventRounds "11"]
[EventCountry "HUN"]
[EventCategory "2"]
[SourceTitle "CBM 107 Extra"]
[Source "ChessBase"]
[SourceDate "2005.09.01"]
[SourceVersion "1"]
[SourceVersionDate "2005.09.01"]
[SourceQuality "1"]

1. d4 Nf6 2. c4 c5 3. Nf3 g6 4. Nc3 Bg7 5. e4 d6 6. Be2 0-0 7. h3 Na6 8. d5 e6 9. 0-0 exd5 10. exd5 Bf5 11. Bf4 Ne4 12. Nxe4 Bxe4 13. Bd3 Bxd3 14. Qxd3 Qd7 15. Qd2 Nc7 16. a4 Rfe8 17. Rae1 b6 18. b3 a6 19. Rxe8+ Rxe8 1/2-1/2

[Event "Budapest FS08 IM-C"]
[Site "Budapest"]
[Date "2005.08.13"]
[Round "8"]
[White "Braghetta, Sergio"]
[Black "Torma, Robert"]
[Result "1-0"]
[WhiteElo "2264"]
[BlackElo "2272"]
[PlyCount "83"]
[EventDate "2005.08.06"]
[EventType "tourn"]
[EventRounds "11"]
[EventCountry "HUN"]
[EventCategory "2"]
[SourceTitle "CBM 107 Extra"]
[Source "ChessBase"]
[SourceDate "2005.09.01"]
[SourceVersion "1"]
[SourceVersionDate "2005.09.01"]
[SourceQuality "1"]

1. e4 c5 2. Nf3 d6 3. d4 Nf6 4. Nc3 cxd4 5. Nxd4 g6 6. Be3 Bg7 7. f3 0-0 8. Qd2 Nc6 9. Bc4 Nd7 10. h4 Nb6 11. Bb3 Na5 12. Qd3 Bd7 13. h5 Nxb3 14. axb3 a5 15. Qd2 e6 16. Nde2 d5 17. Bd4 Bxd4 18. Qxd4 Bc6 19. e5 Nd7 20. Qe3 Qe7 21. Nd4 Rfe8 22. hxg6 fxg6 23. 0-0 Qc5 24. Rfe1 Nf8 25. Nd1 a4 26. bxa4 Rxa4 27. Rxa4 Bxa4 28. Nf2 h5 29. g4 Qe7 30. Kg2 Rc8 31. Rh1 Be8 32. Rg1 hxg4 33. Nxg4 Nh7 34. Rh1 Qg7 35. c3 Bf7 36. Rxh7 Kxh7 37. Nf6+ Kh8 38. Qg5 Bg8 39. Nxe6 Qf7 40. Qh6+ Bh7 41. Ng5 Qg7 42. Qh3 1-0

[Event "Riva del Garda op 2nd"]
[Site "Riva del Garda"]
[Date "2004.12.30"]
[Round "7"]
[White "Braghetta, Sergio"]
[Black "Horn, Peter"]
[Result "1-0"]
[WhiteElo "2268"]
[BlackElo "2172"]
[PlyCount "59"]
[EventDate "2004.12.26"]
[EventType "swiss"]
[EventRounds "7"]
[EventCountry "ITA"]
[SourceTitle "CBM 104 Extra"]
[Source "ChessBase"]
[SourceDate "2005.03.01"]
[SourceVersion "1"]
[SourceVersionDate "2005.03.01"]
[SourceQuality "1"]

1. e4 d5 2. exd5 Qxd5 3. Nc3 Qa5 4. Bc4 Nf6 5. d3 c6 6. Bd2 Qb6 7. Qe2 Qxb2 8. Rb1 Qa3 9. Nf3 e6 10. 0-0 Qd6 11. Ng5 Be7 12. f4 0-0 13. Rbe1 b5 14. Bb3 h6 15. Nf3 a5 16. a4 bxa4 17. Nxa4 Bd8 18. Ne5 Na6 19. Nc4 Qb8 20. Bxa5 Bxa5 21. Nxa5 Qb5 22. Nc4 Nc5 23. Nxc5 Qxc5+ 24. Kh1 Qd4 25. Ne5 c5 26. Qf3 Ra6 27. f5 exf5 28. Ng6 Rd8 29. Ne7+ Kh8 30. Nc6 1-0

[Event "Crema op 06th"]
[Site "Crema"]
[Date "2004.09.05"]
[Round "6"]
[White "Castrogiovanni, Carlo"]
[Black "Braghetta, Sergio"]
[Result "0-1"]
[WhiteElo "2109"]
[BlackElo "2289"]
[PlyCount "87"]
[EventDate "2004.09.03"]
[EventType "swiss"]
[EventRounds "6"]
[EventCountry "ITA"]
[SourceTitle "EXT 2007"]
[Source "ChessBase"]
[SourceDate "2006.11.23"]
[SourceVersion "1"]
[SourceVersionDate "2006.11.23"]
[SourceQuality "1"]

1. Nf3 Nf6 2. c4 g6 3. Nc3 Bg7 4. g3 0-0 5. Bg2 c5 6. d4 d6 7. 0-0 Nc6 8. e4 Bg4 9. dxc5 dxc5 10. Be3 Nd7 11. Qb3 Bxf3 12. Bxf3 Nd4 13. Bxd4 cxd4 14. Nd5 e6 15. Nf4 Qc7 16. Be2 Nc5 17. Qc2 a5 18. Rab1 Bh6 19. Ng2 Rfd8 20. Rfd1 e5 21. Ne1 Ra6 22. a3 a4 23. Nd3 Nxd3 24. Bxd3 Rc8 25. b4 axb3 26. Rxb3 Rca8 27. Qb2 R8a7 28. Ra1 Bf8 29. Kf1 Bc5 30. a4 b6 31. Qc2 Qd7 32. Rb5 Qc6 33. Be2 f5 34. Bf3 f4 35. g4 Qf6 36. Kg2 Qh4 37. Ra2 Qd8 38. Bd1 Rf7 39. f3 h5 40. Qd3 Rh7 41. Rf2 Qh4 42. Kg1 hxg4 43. Rg2 g3 44. Rbb2 0-1

[Event "Budapest FS08 FM-A"]
[Site "Budapest"]
[Date "2004.08.19"]
[Round "13"]
[White "Braghetta, Sergio"]
[Black "Schuetz, Peter"]
[Result "1-0"]
[WhiteElo "2289"]
[BlackElo "1963"]
[PlyCount "49"]
[EventDate "2004.08.07"]
[EventType "tourn"]
[EventRounds "13"]
[EventCountry "HUN"]
[SourceTitle "EXT 2005"]
[Source "ChessBase"]
[SourceDate "2004.11.15"]
[SourceVersion "1"]
[SourceVersionDate "2004.11.15"]
[SourceQuality "1"]

1. e4 e5 2. Nf3 Nc6 3. Bb5 Nd4 4. Nxd4 exd4 5. 0-0 Bc5 6. Bc4 d6 7. d3 Qe7 8. c3 Be6 9. cxd4 Bxc4 10. dxc4 Bb6 11. Nc3 0-0-0 12. Be3 h5 13. Re1 Re8 14. a4 c6 15. a5 Bd8 16. b4 Nf6 17. f3 d5 18. cxd5 Qxb4 19. Qd3 Bxa5 20. Rec1 Bb6 21. dxc6 bxc6 22. Nb5 Re7 23. Rxc6+ Kb8 24. Rb1 Qa4 25. Nxa7 1-0

[Event "Budapest FS08 FM-A"]
[Site "Budapest"]
[Date "2004.08.12"]
[Round "6"]
[White "Szirmai, Eduard"]
[Black "Braghetta, Sergio"]
[Result "0-1"]
[WhiteElo "2133"]
[BlackElo "2289"]
[PlyCount "70"]
[EventDate "2004.08.07"]
[EventType "tourn"]
[EventRounds "13"]
[EventCountry "HUN"]
[SourceTitle "EXT 2005"]
[Source "ChessBase"]
[SourceDate "2004.11.15"]
[SourceVersion "1"]
[SourceVersionDate "2004.11.15"]
[SourceQuality "1"]

1. Nf3 Nf6 2. c4 c5 3. e3 g6 4. d4 Bg7 5. Nc3 0-0 6. Be2 d5 7. dxc5 Qa5 8. Nd4 dxc4 9. Bxc4 Qxc5 10. Qe2 Nc6 11. Nb3 Qb6 12. 0-0 Ne5 13. Bd5 e6 14. Bf3 Bd7 15. e4 Rfc8 16. Rd1 Nxf3+ 17. Qxf3 e5 18. h3 Be6 19. Bg5 Nd7 20. Be7 a5 21. Rd6 Rc6 22. Rad1 Nf8 23. Na4 Qc7 24. Bd8 Qxd6 25. Rxd6 Rxd6 26. Be7 Rc6 27. Nac5 a4 28. Bxf8 Bxf8 29. Nxe6 Rxe6 30. Nd2 Rc8 31. b3 b5 32. Nf1 Rc2 33. bxa4 bxa4 34. a3 Bc5 35. Ne3 Rc3 0-1

[Event "Crema op 04th"]
[Site "Crema"]
[Date "2002.09.08"]
[Round "5"]
[White "Dragojlovic, Andjelko"]
[Black "Braghetta, Sergio"]
[Result "1-0"]
[WhiteElo "2351"]
[BlackElo "2265"]
[PlyCount "64"]
[EventDate "2002.09.06"]
[EventType "swiss"]
[EventRounds "6"]
[EventCountry "ITA"]
[SourceTitle "EXT 2007"]
[Source "ChessBase"]
[SourceDate "2006.11.23"]
[SourceVersion "1"]
[SourceVersionDate "2006.11.23"]
[SourceQuality "1"]

1. Nf3 d5 2. g3 c6 3. Bg2 Bg4 4. 0-0 Nd7 5. d4 Ngf6 6. b3 e6 7. c4 Be7 8. Nc3 0-0 9. Bb2 Qa5 10. h3 Bh5 11. a3 Qa6 12. g4 Bg6 13. Ne5 Rfe8 14. Nxg6 hxg6 15. cxd5 cxd5 16. f4 Rec8 17. Rc1 Bd6 18. e3 Bb8 19. Rf2 Qd6 20. Rfc2 Nb6 21. g5 Ne8 22. h4 Qd7 23. h5 Nd6 24. a4 Nf5 25. Kf2 a6 26. a5 Na4 27. Ne4 Rxc2+ 28. Rxc2 Bd6 29. Nc5 Nxc5 30. dxc5 Ne7 31. Bh3 Qb5 32. h6 gxh6 1-0

[Event "Crema op 01st"]
[Site "Crema"]
[Date "1999.09.19"]
[Round "6"]
[White "Braghetta, Sergio"]
[Black "Mastrorilli, Nicola Giovanni"]
[Result "1-0"]
[WhiteElo "2270"]
[BlackElo "1932"]
[PlyCount "97"]
[EventDate "1999.09.17"]
[EventType "swiss"]
[EventRounds "6"]
[EventCountry "ITA"]
[SourceTitle "EXT 2024"]
[Source "ChessBase"]
[SourceDate "2023.10.10"]
[SourceVersion "1"]
[SourceVersionDate "2023.10.10"]
[SourceQuality "1"]

1. d4 Nf6 2. Nf3 e6 3. Bg5 Be7 4. Nbd2 d5 5. e3 0-0 6. Bd3 b6 7. Qe2 Bb7 8. 0-0 Nbd7 9. c3 c5 10. Rad1 Ne4 11. Bxe7 Qxe7 12. Bb5 Nd6 13. Bd3 Rfc8 14. Ne5 Nf8 15. f4 f6 16. Ng4 Rc7 17. Rf3 Ne4 18. Nf2 f5 19. Rh3 Nxd2 20. Qxd2 c4 21. Bc2 b5 22. g4 g6 23. Rg3 Kh8 24. Kg2 a5 25. Rh1 Bc6 26. h4 Be8 27. Nh3 Raa7 28. Ng5 Qf6 29. Nf3 Rg7 30. Ne5 Nd7 31. Nf3 Nf8 32. Bd1 Qd8 33. Ne5 Qb6 34. h5 b4 35. gxf5 gxf5 36. Rhh3 bxc3 37. bxc3 Rab7 38. Rxg7 Kxg7 39. Rg3+ Kh8 40. Kh3 Qd8 41. Qg2 Ng6 42. hxg6 hxg6 43. Rg5 a4 44. Kg3 a3 45. Kf3 Rb2 46. Qh3+ Kg7 47. Ba4 Rxa2 48. Bxe8 Qxe8 49. Qh5 1-0

[Event "Crema op 01st"]
[Site "Crema"]
[Date "1999.09.17"]
[Round "2"]
[White "Braghetta, Sergio"]
[Black "Sgro, Antonino"]
[Result "1-0"]
[WhiteElo "2270"]
[BlackElo "1797"]
[PlyCount "109"]
[EventDate "1999.09.17"]
[EventType "swiss"]
[EventRounds "6"]
[EventCountry "ITA"]
[SourceTitle "EXT 2024"]
[Source "ChessBase"]
[SourceDate "2023.10.10"]
[SourceVersion "1"]
[SourceVersionDate "2023.10.10"]
[SourceQuality "1"]

1. d4 f5 2. g3 Nf6 3. Bg2 e6 4. Nd2 d5 5. Nh3 c6 6. 0-0 Be7 7. c3 Nbd7 8. Nf4 Nf8 9. Nf3 Ng6 10. Nxg6 hxg6 11. Ne5 Rh7 12. Nxg6 Kf7 13. Ne5+ Kg8 14. f3 Qe8 15. Bg5 Nd7 16. Bxe7 Qxe7 17. e4 Nxe5 18. dxe5 f4 19. Qd2 fxg3 20. hxg3 Bd7 21. Rad1 Rf8 22. f4 g6 23. Qe3 b6 24. b4 Qg7 25. a3 Qh6 26. Rf3 Qg7 27. Kf2 Bc8 28. Rh1 Rxh1 29. Bxh1 Ba6 30. Kg1 Bc4 31. Rf2 Rf7 32. Bf3 Qh8 33. Bg4 Rh7 34. Bf3 Rh3 35. Bg2 Rh5 36. Qf3 Qh6 37. Qg4 Kf7 38. Qd1 Qh8 39. Qa4 Qa8 40. Qc2 a5 41. Qc1 b5 42. Qe3 axb4 43. cxb4 Qa4 44. Rd2 Rh8 45. f5 exf5 46. exf5 gxf5 47. Qg5 Qa7+ 48. Rf2 Bd3 49. Qf6+ Kg8 50. Qxc6 Qe3 51. Bxd5+ Kg7 52. Qf6+ Kh7 53. Bf3 Qe1+ 54. Kg2 Bf1+ 55. Rxf1 1-0

[Event "Porto San Giorgio op 11th"]
[Site "Porto San Giorgio"]
[Date "1999.08.26"]
[Round "7"]
[White "Braghetta, Sergio"]
[Black "Mola, Pietro"]
[Result "1-0"]
[WhiteElo "2270"]
[BlackElo "2203"]
[PlyCount "63"]
[EventDate "1999.08.20"]
[EventType "swiss"]
[EventRounds "9"]
[EventCountry "ITA"]
[SourceTitle "EXT 2000"]
[Source "ChessBase"]
[SourceDate "1999.11.16"]
[SourceVersion "1"]
[SourceVersionDate "1999.11.16"]
[SourceQuality "1"]

1. d4 Nf6 2. Nf3 e6 3. Bg5 c5 4. e3 Qb6 5. Qc1 Nc6 6. c3 Be7 7. Nbd2 d5 8. Bd3 Bd7 9. 0-0 0-0 10. Ne5 Qd8 11. f4 Ne8 12. Bxe7 Qxe7 13. Qd1 Nxe5 14. fxe5 f5 15. Qh5 Nc7 16. Rf2 b5 17. Kh1 c4 18. Bc2 b4 19. cxb4 Qxb4 20. Rg1 Qxb2 21. Nf3 Qa3 22. g4 Qe7 23. gxf5 exf5 24. Rfg2 Ne8 25. Nh4 Qf7 26. Qh6 Kh8 27. Qf4 Qh5 28. Bd1 Qh6 29. Rg5 g6 30. Nxg6+ hxg6 31. Rh5 Qxh5 32. Bxh5 1-0

[Event "Bratto op 18th"]
[Site "Bratto"]
[Date "1998.??.??"]
[Round "?"]
[White "Braghetta, Sergio"]
[Black "Arlandi, Ennio"]
[Result "1/2-1/2"]
[WhiteElo "2260"]
[BlackElo "2425"]
[PlyCount "176"]
[EventDate "1998.??.??"]
[EventType "swiss"]
[EventRounds "9"]
[EventCountry "ITA"]
[SourceTitle "EXT 2000"]
[Source "ChessBase"]
[SourceDate "1999.11.16"]
[SourceVersion "1"]
[SourceVersionDate "1999.11.16"]
[SourceQuality "1"]

1. e4 c6 2. d3 d5 3. Nd2 g6 4. Ngf3 Bg7 5. g3 e5 6. Bg2 Ne7 7. 0-0 0-0 8. Re1 Qc7 9. c3 a5 10. Qc2 f5 11. exd5 cxd5 12. a4 Nbc6 13. Nb3 h6 14. h4 b6 15. d4 e4 16. Bf4 Qd8 17. Ne5 Ba6 18. Bf1 Bxf1 19. Kxf1 Qe8 20. Nxc6 Qxc6 21. Qd2 Kh7 22. Nc1 Nc8 23. Ne2 Nd6 24. Bxd6 Qxd6 25. Ra3 Bf6 26. Qf4 Qd7 27. Qe3 Rab8 28. f4 Be7 29. Ra2 Kg7 30. Kf2 Rbc8 31. Ng1 Rc4 32. b3 Rc6 33. Rc1 Qc7 34. Ne2 Rb8 35. Rac2 Rc8 36. c4 Qd8 37. Kg2 Qg8 38. c5 Qd8 39. Qd2 Kf8 40. cxb6 Rxc2 41. Rxc2 Rxc2 42. Qxc2 Qxb6 43. Kf2 Bf6 44. Qc3 Ke7 45. Ke3 Kd7 46. Nc1 g5 47. hxg5 hxg5 48. Ne2 g4 49. Kf2 Be7 50. Ke3 Bb4 51. Qc1 Qh6 52. Qg1 Qh3 53. Nc1 Bd6 54. Ne2 Ke6 55. Kd2 Qh8 56. Ke3 Kd7 57. Kd2 Qb8 58. Qd1 Be7 59. Ke3 Qb4 60. Kf2 Bf6 61. Ke3 Bd8 62. Kf2 Bb6 63. Ke3 Kc6 64. Kf2 Kb7 65. Ke3 Qf8 66. Kf2 Qh8 67. Ke3 Qh2 68. Qf1 Kc7 69. Qf2 Qh1 70. Ng1 Kd7 71. Kd2 Kd6 72. Kc3 Ke7 73. Kd2 Bc7 74. Kc2 Bd6 75. Kd1 Bb4 76. Kc2 Qh6 77. Ne2 Qe6 78. Qe3 Qa6 79. Nc1 Qf1 80. Qe2 Qf3 81. Qh2 Qc3+ 82. Kb1 Qxd4 83. Qh7+ Kd8 84. Qg8+ Kd7 85. Qf7+ Be7 86. Qxf5+ Kd6 87. Qc8 Bf6 88. Qb8+ Ke7 1/2-1/2

[Event "Verona op 4th"]
[Site "Verona"]
[Date "1998.??.??"]
[Round "?"]
[White "Braghetta, Sergio"]
[Black "Ortega, Lexy"]
[Result "0-1"]
[WhiteElo "2260"]
[BlackElo "2475"]
[PlyCount "52"]
[EventDate "1998.??.??"]
[EventType "swiss"]
[EventRounds "7"]
[EventCountry "ITA"]
[SourceTitle "EXT 2000"]
[Source "ChessBase"]
[SourceDate "1999.11.16"]
[SourceVersion "1"]
[SourceVersionDate "1999.11.16"]
[SourceQuality "1"]

1. e4 c5 2. Nf3 d6 3. d4 cxd4 4. Nxd4 Nf6 5. Nc3 a6 6. f4 e5 7. Nf3 Nbd7 8. a4 Be7 9. Bd3 0-0 10. 0-0 Nc5 11. Kh1 exf4 12. Bxf4 Bg4 13. Qd2 Rc8 14. Nd4 d5 15. e5 Nfe4 16. Nxe4 dxe4 17. Bc4 Nd3 18. cxd3 Qxd4 19. Rac1 Rcd8 20. h3 Be6 21. Bxe6 fxe6 22. Bg5 Bb4 23. Qc2 exd3 24. Qb3 Rd5 25. Rxf8+ Bxf8 26. Qxb7 Qf2 0-1

[Event "Bratto op 18th"]
[Site "Bratto"]
[Date "1998.??.??"]
[Round "?"]
[White "Samaritani, Fabio"]
[Black "Braghetta, Sergio"]
[Result "0-1"]
[WhiteElo "2310"]
[BlackElo "2260"]
[PlyCount "66"]
[EventDate "1998.??.??"]
[EventType "swiss"]
[EventRounds "9"]
[EventCountry "ITA"]
[SourceTitle "EXT 2000"]
[Source "ChessBase"]
[SourceDate "1999.11.16"]
[SourceVersion "1"]
[SourceVersionDate "1999.11.16"]
[SourceQuality "1"]

1. e4 c5 2. Nc3 d6 3. Nge2 Nf6 4. d4 cxd4 5. Nxd4 a6 6. Bg5 e6 7. f4 Qb6 8. Qd2 Nc6 9. 0-0-0 Bd7 10. Be2 Rc8 11. Rhe1 Be7 12. Kb1 Nxd4 13. Qxd4 Qxd4 14. Rxd4 Bc6 15. Bf3 h6 16. Bxf6 gxf6 17. f5 h5 18. h3 Kd7 19. g4 h4 20. a4 b6 21. Be2 Bb7 22. Bf1 Rc5 23. Nd1 Rcc8 24. c4 Bf8 25. Nc3 Bh6 26. Red1 Bf4 27. b4 Rc7 28. a5 bxa5 29. Na4 Ke7 30. Nb6 Rb8 31. bxa5 Be5 32. Ka2 Bxd4 33. Rxd4 Rc5 0-1

[Event "Verona op 3rd"]
[Site "Verona"]
[Date "1997.??.??"]
[Round "4"]
[White "Braghetta, Sergio"]
[Black "Martorelli, Antonio"]
[Result "1-0"]
[WhiteElo "2195"]
[BlackElo "2365"]
[PlyCount "69"]
[EventDate "1997.??.??"]
[EventType "swiss"]
[EventRounds "7"]
[EventCountry "ITA"]
[SourceTitle "CBM 056 Extra"]
[Source "ChessBase"]
[SourceDate "1997.03.01"]
[SourceVersion "1"]
[SourceVersionDate "1997.03.01"]
[SourceQuality "1"]

1. e4 c5 2. Nf3 e6 3. d4 cxd4 4. Nxd4 a6 5. Bd3 Nc6 6. Nxc6 dxc6 7. Nd2 e5 8. Qh5 Bd6 9. Nc4 Bc7 10. Bg5 Nf6 11. Qe2 h6 12. Bh4 Be6 13. 0-0 b5 14. Ne3 g5 15. Bg3 h5 16. h3 Rg8 17. Rfd1 Qe7 18. Nf5 Bxf5 19. exf5 0-0-0 20. Be4 h4 21. Bh2 g4 22. hxg4 Nxg4 23. Kh1 Qb4 24. f3 Nxh2 25. Kxh2 Qxb2 26. a4 Rxd1 27. Rxd1 Qc3 28. axb5 axb5 29. Qf2 Rd8 30. Rxd8+ Bxd8 31. Qa7 f6 32. Qa6+ Kd7 33. Qa2 Qe1 34. Qe6+ Kc7 35. Qxc6+ 1-0